00934nam a2200241 i 4500001000300000100002100003245017600024260004000200300003500240504003400275650003500309650004400344650003200388650004100420700001800461700002000479020001500499040000800514041000700522080002400529008004100553856009800594bg1 aESCHENAUER, Hans10aApplied structural mechanics :bfundamentals of elasticity, load-bearing structures, structural optimization : including exercises /cH. Eschenauer, N. Olhoff, W. Schnell. aBerlin [et al.] :bSpringer,c1997. a389 s. :brys. wykr. ;c24 cm. aBibliogr. s. 375-381. Indeks. 9aBudownictwoxmechanikaxteoria 9aKonstrukcjexmechanikaxbadaniexmetody 9aSprężystośćxteoria 9aOptymalizacjaxstosowaniexmechanika1 aOLHOFF, Niels1 aSCHNELL, Walter a3540612327 cBPK0 aen a624.01/.07:539.3/.6 s pl f |000 0 pol  uhttp://koha.tu.koszalin.pl/cgi-bin/koha/opac-detail.pl?biblionumber=30978yKatalog online BPK